000 00459nam a2200133Ia 4500
008 231129s1994||||xx |||||||||||||| ||spa||
020 _a84-8387-010-X
040 _bspa
082 _a269 V459v
245 0 _aLa venida del Reino: Religión evangelización y cultura en América Siglos XVI-XX
260 _c1994
264 _aCusco Perú : Centro de Estudios Regionales Andinos Bartolome de Las Casas
942 _2ddc
_cBKS
999 _c18412
_d18412